Подходы к реализации дисциплины "Творческий проект" на кафедре бурения скважин; Проблемы научно-технического прогресса в бурении скважин

গ্রন্থ-পঞ্জীর বিবরন
Parent link:Проблемы научно-технического прогресса в бурении скважин.— 2014.— [С. 444-456]
সংস্থা লেখক: Национальный исследовательский Томский политехнический университет (ТПУ) Институт природных ресурсов (ИПР) Кафедра бурения скважин (БС)
অন্যান্য লেখক: Епихин А. В. Антон Владимирович, Ковалев А. В. Артем Владимирович, Минаев К. М. Константин Мадестович, Морев А. А. Артем Алексеевич
সংক্ষিপ্ত:Заглавие с титульного экрана
ভাষা:রুশ
প্রকাশিত: 2014
মালা:Подготовка высококвалифицированных специалистов и научных кадров в области сооружения скважин. Проблемы, решения, перспективы
বিষয়গুলি:
অনলাইন ব্যবহার করুন:http://earchive.tpu.ru/handle/11683/25563
http://www.lib.tpu.ru/fulltext/c/2014/C94/058.pdf
বিন্যাস: বৈদ্যুতিক গ্রন্থের অধ্যায়
KOHA link:https://koha.lib.tpu.ru/cgi-bin/koha/opac-detail.pl?biblionumber=611066

MARC

LEADER 00000naa2a2200000 4500
001 611066
005 20240220121730.0
035 |a (RuTPU)RU\TPU\conf\8708 
035 |a RU\TPU\conf\8706 
090 |a 611066 
100 |a 20150211d2014 k y0rusy50 ca 
101 0 |a rus 
102 |a RU 
105 |a y z 101zy 
135 |a drcn ---uucaa 
181 0 |a i  
182 0 |a b 
200 1 |a Подходы к реализации дисциплины "Творческий проект" на кафедре бурения скважин  |f А. В. Епихин, А. В. Ковалев, К. М. Минаев, А. А. Морев 
203 |a Текст  |c электронный 
225 1 |a Подготовка высококвалифицированных специалистов и научных кадров в области сооружения скважин. Проблемы, решения, перспективы 
300 |a Заглавие с титульного экрана 
320 |a [Библиогр.: с. 454-456 (28 назв.)] 
337 |a Adobe Reader 
463 0 |0 (RuTPU)RU\TPU\conf\8652  |t Проблемы научно-технического прогресса в бурении скважин  |o сборник докладов Всероссийской научно-технической конференции с международным участием , посвященной 60-летию кафедры бурения скважин, Томск, 2014 г.  |f Томский политехнический университет (ТПУ), Институт геологии и нефтегазового дела (ИГНД); под ред. В. Г. Храменкова  |v [С. 444-456]  |d 2014 
610 1 |a труды учёных ТПУ 
610 1 |a электронный ресурс 
610 1 |a ТПУ 
610 1 |a дисциплины 
610 1 |a CDIO 
610 1 |a образовательные программы 
610 1 |a творческие проекты 
701 1 |a Епихин  |b А. В.  |c специалист в области нефтегазового дела  |c старший преподаватель Томского политехнического университета  |f 1988-   |g Антон Владимирович  |3 (RuTPU)RU\TPU\pers\25759  |9 11655 
701 1 |a Ковалев  |b А. В.  |c специалист в области нефтепромыслового оборудования  |c доцент Томского политехнического университета, кандидат технических наук  |f 1987-  |g Артем Владимирович  |3 (RuTPU)RU\TPU\pers\32098  |9 16137 
701 1 |a Минаев  |b К. М.  |c специалист в области нефтегазового дела  |c доцент Томского политехнического университета, кандидат химических наук  |f 1982-  |g Константин Мадестович  |3 (RuTPU)RU\TPU\pers\29316  |9 13903 
701 1 |a Морев  |b А. А.  |c горный инженер  |c ассистент Томского политехнического университета  |f 1989-  |g Артем Алексеевич  |3 (RuTPU)RU\TPU\pers\31590  |9 15749 
712 0 2 |a Национальный исследовательский Томский политехнический университет (ТПУ)  |b Институт природных ресурсов (ИПР)  |b Кафедра бурения скважин (БС)  |3 (RuTPU)RU\TPU\col\18666 
801 2 |a RU  |b 63413507  |c 20220225  |g RCR 
856 4 |u http://earchive.tpu.ru/handle/11683/25563 
856 4 |u http://www.lib.tpu.ru/fulltext/c/2014/C94/058.pdf 
942 |c BK